Statistics for Historical Figure by Clue

Click here to take the quiz!

General Stats

  • This quiz has been taken 34 times
  • The average score is 11 of 20

Answer Stats

HintAnswer% Correct
French emperor and military leader who invaded Russia in the winterNapoleon Bonaparte
93%
The 8th and final leader of the Soviet UnionMikhail Gorbachev
86%
Wrote 95 reasons why the Church was wrongMartin Luther
83%
Liberated Vietnam from oppressive governanceHo Chi Minh
76%
He led the Conquistadors into Tenochtitlan, thinking it was El DoradoHernan Cortes
72%
Field nurse in the Crimean war who is credited with founding modern nursingFlorence Nightingale
69%
Sentenced Jesus to death and was Roman Governer in JerusalemPontius Pilate
69%
Emperor who established Christianity as the primary religion of RomeConstantine the Great
66%
Grandson of Genghis Khan and establisher of the Yuan DynastyKublai Khan
62%
Imagined all the peopleJohn Lennon
59%
Italian political theorist and writer; "The father of modern political science"Niccolo Machiavelli
55%
American theoretical physicist and the 'father of the atomic bomb'J. Robert Oppenheimer
52%
Persian king who attempted to invade mainland Greece in 483 BCEXerxes I
52%
The Boy King of Egypt, whose tomb is 'cursed'Tutankhamun
48%
The alias of Henry McCarty and William Bonney of the Old WestBilly the Kid
45%
Critical in the founding of the Underground RailroadHarriet Tubman
41%
The first known European to land in North AmericaLeif Erikson
34%
Commissioned the creation of the Terracotta Warriors in ChinaQin Shi Huang
10%
King of Sumer (an ancient kingdom), also known as IzdubarGilgamesh
7%
The first settler of the Islands of Hawai'iHawai'iloa
3%

Score Distribution

Percentile by Number Answered

Percent of People with Each Score

Your Score History

You have not taken this quiz